000
00299nam a22001337a 4500
008
181030b xxu||||| |||| 00| 0 eng d
020
_a
0256015740
041
_a
eng
080
_a
610
100
_a
4
101
_a
SHM
245
_a
Personnel: A Diagnostic Approach
_c
Glueck,W.F
942
_2
udc
_c
BK
999
_c
51081
_d
51081